<?xml version="1.0" encoding="UTF-8"?>
<record
    xmlns:xsi="http://www.w3.org/2001/XMLSchema-instance"
    xsi:schemaLocation="http://www.loc.gov/MARC21/slim http://www.loc.gov/standards/marcxml/schema/MARC21slim.xsd"
    xmlns="http://www.loc.gov/MARC21/slim">

  <leader>01752nam0a2200337   4500</leader>
  <controlfield tag="001">RU\NLR\BIBL_A\012100289</controlfield>
  <controlfield tag="005">20260408235118.0</controlfield>
  <datafield tag="035" ind1=" " ind2=" ">
    <subfield code="a">(NLR Aleph) 012100289</subfield>
  </datafield>
  <datafield tag="090" ind1=" " ind2=" ">
    <subfield code="a">11902515</subfield>
    <subfield code="c">11902515</subfield>
  </datafield>
  <datafield tag="100" ind1=" " ind2=" ">
    <subfield code="a">20190925d1901    |||y0rusy50      ca</subfield>
  </datafield>
  <datafield tag="101" ind1="0" ind2=" ">
    <subfield code="a">ukr</subfield>
  </datafield>
  <datafield tag="102" ind1=" " ind2=" ">
    <subfield code="a">RU</subfield>
  </datafield>
  <datafield tag="105" ind1=" " ind2=" ">
    <subfield code="a">o|||z|||000gy</subfield>
  </datafield>
  <datafield tag="200" ind1="1" ind2=" ">
    <subfield code="a">&#x412;&#x438;&#x440;&#x433;&#x438;&#x43B;i&#x435;&#x432;&#x430; &#x42D;&#x43D;&#x435;&#x438;&#x434;&#x430; &#x43D;&#x430; &#x443;&#x43A;&#x440;&#x430;&#x438;&#x43D;&#x441;&#x43A;&#x443; &#x43C;&#x43E;&#x432;&#x443; &#x43F;&#x435;&#x440;&#x435;&#x43B;&#x44B;&#x446;&#x435;&#x432;&#x430;&#x43D;&#x430;</subfield>
    <subfield code="f">&#x441;&#x43E;&#x447;&#x438;&#x43D;&#x435;&#x43D;&#x438;&#x435; &#x418;.&#x41F;. &#x41A;&#x43E;&#x442;&#x43B;&#x44F;&#x440;&#x435;&#x432;&#x441;&#x43A;&#x43E;&#x433;&#x43E;</subfield>
  </datafield>
  <datafield tag="205" ind1=" " ind2=" ">
    <subfield code="a">&#x418;&#x437;&#x434;. 12-&#x435;</subfield>
  </datafield>
  <datafield tag="210" ind1=" " ind2=" ">
    <subfield code="a">&#x41A;i&#x435;&#x432;</subfield>
    <subfield code="c">&#x41A;&#x43D;&#x438;&#x433;&#x43E;&#x43F;&#x440;&#x43E;&#x434;&#x430;&#x432;&#x435;&#x446; &#x422;.&#x410;. &#x413;&#x443;&#x431;&#x430;&#x43D;&#x43E;&#x432;</subfield>
    <subfield code="d">1901</subfield>
  </datafield>
  <datafield tag="215" ind1=" " ind2=" ">
    <subfield code="a">248 &#x441;.</subfield>
    <subfield code="c">&#x438;&#x43B;.</subfield>
    <subfield code="d">18</subfield>
  </datafield>
  <datafield tag="300" ind1=" " ind2=" ">
    <subfield code="a">&#x41D;&#x430; &#x43E;&#x431;&#x43B;. &#x430;&#x432;&#x442;. &#x43D;&#x435; &#x443;&#x43A;&#x430;&#x437;&#x430;&#x43D;</subfield>
  </datafield>
  <datafield tag="488" ind1=" " ind2="0">
    <subfield code="1">2001#$a&#x42D;&#x43D;&#x435;&#x438;&#x434;&#x430;$f&#x412;&#x435;&#x440;&#x433;&#x438;&#x43B;&#x438;&#x439;</subfield>
    <subfield code="1">700#1$a&#x412;&#x435;&#x440;&#x433;&#x438;&#x43B;&#x438;&#x439; &#x41C;&#x430;&#x440;&#x43E;&#x43D;$b&#x41F;.$f70-19 &#x434;&#x43E; &#x43D;.&#x44D;.$g&#x41F;&#x443;&#x431;&#x43B;&#x438;&#x439;$3RU\NLR\AUTH\7710632</subfield>
    <subfield code="t">&#x42D;&#x43D;&#x435;&#x438;&#x434;&#x430;</subfield>
    <subfield code="a">&#x412;&#x435;&#x440;&#x433;&#x438;&#x43B;&#x438;&#x439; &#x41C;&#x430;&#x440;&#x43E;&#x43D;, &#x41F;&#x443;&#x431;&#x43B;&#x438;&#x439; (70-19 &#x434;&#x43E; &#x43D;.&#x44D;.)</subfield>
  </datafield>
  <datafield tag="500" ind1=" " ind2=" ">
    <subfield code="8">ukr</subfield>
    <subfield code="a">&#x415;&#x43D;&#x435;&#xEF;&#x434;&#x430;</subfield>
    <subfield code="l">&#x41F;&#x435;&#x440;&#x435;&#x440;&#x430;&#x431;&#x43E;&#x442;&#x43A;&#x430;</subfield>
    <subfield code="3">RU\NLR\AUTH\559402</subfield>
    <subfield code="9">2631414</subfield>
  </datafield>
  <datafield tag="604" ind1=" " ind2=" ">
    <subfield code="1">700#1$a&#x412;&#x435;&#x440;&#x433;&#x438;&#x43B;&#x438;&#x439; &#x41C;&#x430;&#x440;&#x43E;&#x43D;$b&#x41F;.$g&#x41F;&#x443;&#x431;&#x43B;&#x438;&#x439;$f70 - 19 &#x434;&#x43E; &#x43D;.&#x44D;.</subfield>
    <subfield code="1">500##$a"&#x42D;&#x43D;&#x435;&#x438;&#x434;&#x430;"$2nlr_sh2$3RU\NLR\AUTH\66182063</subfield>
    <subfield code="a">&#x412;&#x435;&#x440;&#x433;&#x438;&#x43B;&#x438;&#x439; &#x41C;&#x430;&#x440;&#x43E;&#x43D;, &#x41F;&#x443;&#x431;&#x43B;&#x438;&#x439; (70 - 19 &#x434;&#x43E; &#x43D;.&#x44D;.)</subfield>
    <subfield code="t">"&#x42D;&#x43D;&#x435;&#x438;&#x434;&#x430;"</subfield>
    <subfield code="9">1227468</subfield>
    <subfield code="3">RU\NLR\AUTH\66182063</subfield>
  </datafield>
  <datafield tag="686" ind1="3" ind2=" ">
    <subfield code="a">&#x428;5(0)353.1-4&#x412;&#x435;&#x440;&#x433;&#x438;&#x43B;&#x438;&#x439;(&#x443;&#x43A;&#x440;)</subfield>
  </datafield>
  <datafield tag="686" ind1="0" ind2=" ">
    <subfield code="a">&#x428;6(2=&#x423;&#x43A;)5-5</subfield>
  </datafield>
  <datafield tag="700" ind1=" " ind2="1">
    <subfield code="8">ukr</subfield>
    <subfield code="7">ca</subfield>
    <subfield code="a">&#x41A;&#x43E;&#x442;&#x43B;&#x44F;&#x440;&#x435;&#x432;&#x441;&#x44C;&#x43A;&#x438;&#x439;</subfield>
    <subfield code="b">I. &#x41F;.</subfield>
    <subfield code="f">1769-1838</subfield>
    <subfield code="g">I&#x432;&#x430;&#x43D; &#x41F;&#x435;&#x442;&#x440;&#x43E;&#x432;&#x438;&#x447;</subfield>
    <subfield code="3">RU\NLR\AUTH\7719478</subfield>
    <subfield code="9">2550</subfield>
  </datafield>
  <datafield tag="702" ind1=" " ind2="1">
    <subfield code="8">ukr</subfield>
    <subfield code="7">ca</subfield>
    <subfield code="a">&#x41A;&#x43E;&#x442;&#x43B;&#x44F;&#x440;&#x435;&#x432;&#x441;&#x44C;&#x43A;&#x438;&#x439;</subfield>
    <subfield code="b">I. &#x41F;.</subfield>
    <subfield code="f">1769-1838</subfield>
    <subfield code="g">I&#x432;&#x430;&#x43D; &#x41F;&#x435;&#x442;&#x440;&#x43E;&#x432;&#x438;&#x447;</subfield>
    <subfield code="3">RU\NLR\AUTH\7719478</subfield>
    <subfield code="9">2550</subfield>
  </datafield>
  <datafield tag="852" ind1=" " ind2=" ">
    <subfield code="a">NLR</subfield>
    <subfield code="j">34.3.5.31</subfield>
  </datafield>
  <datafield tag="942" ind1=" " ind2=" ">
    <subfield code="c">BOOK</subfield>
  </datafield>
  <datafield tag="980" ind1=" " ind2=" ">
    <subfield code="a">NB</subfield>
  </datafield>
</record>
